[Event "DFMM: Thüringen-Sachsen"]
[Site "Braunfels"]
[Date "2010.06.04"]
[Round "3.6"]
[White "v.d. Weth - v. Nordheim, Petra"]
[Black "Just, Gabriele"]
[Result "1-0"]
[WhiteElo "1798"]
[BlackElo "1936"]
[PlyCount "67"]
[EventDate "2010.06.03"]
[WhiteTeam "Thüringen"]
[BlackTeam "Sachsen"]

1. d4 e6 2. c4 f5 3. Nc3 Nf6 4. e3 Bb4 5. Bd3 O-O 6. Nge2 d6 7. O-O Bxc3 8.
Nxc3 e5 9. f3 Nc6 10. Bc2 Qe8 11. a3 a5 12. Nb5 Qe7 13. b3 Ne8 14. Bb2 f4 15.
dxe5 Nxe5 16. exf4 Rxf4 17. Re1 Bf5 18. Bxf5 Rxf5 19. Qd5+ Qf7 20. Qxb7 Rd8 21.
Bxe5 Rxe5 22. Rad1 Rxe1+ 23. Rxe1 a4 24. Nc3 axb3 25. Qxb3 c6 26. Qb6 Rc8 27.
Qd4 Ra8 28. a4 Qc7 29. Rb1 Qa5 30. Rb7 Nf6 31. Kf2 Re8 32. Ne4 d5 33. Nxf6+
gxf6 34. Qg4+ 1-0

[Event "DFMM: Thüringen-Sachsen"]
[Site "Braunfels"]
[Date "2010.06.04"]
[Round "3.7"]
[White "Just, Anita"]
[Black "Grohmann, Katrin"]
[Result "1/2-1/2"]
[WhiteElo "1984"]
[BlackElo "1898"]
[PlyCount "126"]
[EventDate "2010.06.03"]
[WhiteTeam "Sachsen"]
[BlackTeam "Thüringen"]

1. e4 c5 2. Nf3 d6 3. d4 cxd4 4. Nxd4 Nf6 5. Nc3 a6 6. Be2 e5 7. Nb3 Be6 8. O-O
Nbd7 9. Be3 Be7 10. f4 exf4 11. Bxf4 Ne5 12. Kh1 O-O 13. Qe1 Qc7 14. Qg3 b5 15.
Bh6 Ng6 16. Bg5 b4 17. Bxf6 Bxf6 18. Nd1 Qxc2 19. Bd3 Qc7 20. Rc1 Qb6 21. Rc2
Be5 22. Qg5 a5 23. Rcf2 Bf6 24. Qh5 a4 25. Nc1 Ra5 26. Qf3 Bd4 27. Rd2 Ne5 28.
Qg3 Nxd3 29. Qxd3 Be5 30. Ne3 Rc5 31. Nd5 Bxd5 32. exd5 Qb5 33. Qf3 Bf6 34. Ne2
b3 35. axb3 Qxb3 36. Nf4 Qxf3 37. gxf3 Rb5 38. Ra1 Rxb2 39. Rxb2 Bxb2 40. Rxa4
Bc1 41. Ne2 Be3 42. Nc3 Rd8 43. Nb5 Bc5 44. Kg2 g6 45. Ra6 Kg7 46. Kg3 Kf6 47.
Kf4 g5+ 48. Kg4 Kg6 49. Rc6 h5+ 50. Kg3 Rd7 51. f4 f6 52. Nc7 Kf5 53. fxg5 fxg5
54. Ne6 h4+ 55. Kf3 g4+ 56. Kg2 Ke5 57. Nxc5 dxc5 58. Rxc5 Rxd5 59. Rc2 Rd4 60.
Ra2 Re4 61. Kf2 Kf4 62. Ra8 g3+ 63. hxg3+ hxg3+ 1/2-1/2

[Event "DFMM: Thüringen-Sachsen"]
[Site "Braunfels"]
[Date "2010.06.04"]
[Round "3.8"]
[White "Kinzel, Tiffany"]
[Black "Neumeyer, Hannelore"]
[Result "0-1"]
[WhiteElo "1570"]
[BlackElo "2055"]
[PlyCount "128"]
[EventDate "2010.06.03"]
[WhiteTeam "Thüringen"]
[BlackTeam "Sachsen"]

1. Nc3 d5 2. e4 dxe4 3. Nxe4 Nf6 4. Ng3 e5 5. Bc4 Bc5 6. Qe2 O-O 7. d3 Nc6 8.
Nf3 Bg4 9. c3 e4 10. Nxe4 Nxe4 11. dxe4 Ne5 12. Bd2 Bxf2+ 13. Qxf2 Nxc4 14.
O-O-O Qe8 15. Rhe1 Nxd2 16. Rxd2 Qa4 17. Kb1 Rad8 18. h3 Be6 19. b3 Qa5 20. Qe3
c5 21. Red1 h6 22. g4 Qc7 23. Nh4 Rxd2 24. Rxd2 Rd8 25. Nf5 Rxd2 26. Qxd2 Qd7
27. Qe3 b6 28. Kb2 Kf8 29. Qf4 Bxf5 30. exf5 f6 31. Kc2 Ke7 32. Qe4+ Kf7 33.
Qc4+ Kf8 34. Qe4 Qc7 35. Qa8+ Ke7 36. Qe4+ Kd8 37. Qd5+ Qd7 38. Qa8+ Ke7 39.
Qe4+ Kf8 40. Qa8+ Kf7 41. Qe4 b5 42. c4 a6 43. Qd5+ Qxd5 44. cxd5 Ke7 45. Kd3
Kd6 46. Ke4 a5 47. h4 a4 48. bxa4 bxa4 49. a3 h5 50. gxh5 c4 51. Kd4 c3 52.
Kxc3 Kxd5 53. Kb4 Ke5 54. Kxa4 Kxf5 55. Kb4 Kg4 56. a4 f5 57. a5 f4 58. a6 f3
59. a7 f2 60. a8=Q f1=Q 61. Qd8 Qf4+ 62. Kc3 Kxh5 63. Kd3 g6 64. Qg5+ Qxg5 0-1

[Event "DFMM: NRW I-Niedersachsen"]
[Site "Braunfels"]
[Date "2010.06.04"]
[Round "3.1"]
[White "Zschischang, Marine"]
[Black "Dergatschova, Anna"]
[Result "0-1"]
[WhiteElo "2089"]
[BlackElo "2232"]
[PlyCount "64"]
[EventDate "2010.06.03"]
[WhiteTeam "Niedersachsen"]
[BlackTeam "NRW I"]

1. e4 c5 2. c4 Nc6 3. Nc3 g6 4. g3 Bg7 5. Bg2 e6 6. Nge2 Nge7 7. d3 O-O 8. O-O
a6 9. a4 Nb4 10. Be3 Qc7 11. Bf4 d6 12. Qd2 Nec6 13. Rfd1 Ne5 14. Nc1 Bd7 15.
Bh6 Bxh6 16. Qxh6 f5 17. h3 Bc6 18. f4 Nf7 19. Qh4 Nc2 20. Ra2 Ne3 21. Re1 Nxg2
22. Kxg2 e5 23. b3 Qa5 24. Rc2 Rae8 25. Kh2 exf4 26. gxf4 fxe4 27. dxe4 Nd8 28.
Nd5 Bxd5 29. cxd5 Rxf4 30. Qxf4 Qxe1 31. Re2 Qc3 32. Qg3 Qxc1 0-1

[Event "DFMM: NRW I-Niedersachsen"]
[Site "Braunfels"]
[Date "2010.06.04"]
[Round "3.2"]
[White "Rudolph, Anna"]
[Black "Schulze, Dorothee"]
[Result "1/2-1/2"]
[WhiteElo "2271"]
[BlackElo "1986"]
[PlyCount "104"]
[EventDate "2010.06.03"]
[WhiteTeam "NRW I"]
[BlackTeam "Niedersachsen"]

1. e4 c5 2. Nf3 Nc6 3. d4 cxd4 4. Nxd4 Nf6 5. Nc3 g6 6. Be3 Bg7 7. Nxc6 bxc6 8.
e5 Ng8 9. f4 d5 10. exd6 exd6 11. Be2 Qh4+ 12. g3 Qe7 13. Bd4 Nf6 14. O-O O-O
15. Bf3 Bb7 16. Qd2 c5 17. Bxf6 Bxf6 18. Nd5 Bxd5 19. Bxd5 Rab8 20. c3 Rfe8 21.
Rfe1 Qc7 22. Rxe8+ Rxe8 23. Re1 Rxe1+ 24. Qxe1 Kf8 25. Kg2 Qb6 26. Qe2 h5 27.
f5 Qc7 28. fxg6 fxg6 29. Qe6 Kg7 30. Qg8+ Kh6 31. Qf8+ Bg7 32. Qe8 Be5 33. Qe6
Qg7 34. Kf3 Qf8+ 35. Qf7 Qxf7+ 36. Bxf7 h4 37. gxh4 Bxh2 38. Be8 Kh5 39. Bf7
Kxh4 40. Bxg6 Kg5 41. Bc2 d5 42. Bb3 d4 43. cxd4 cxd4 44. Ke4 Kf6 45. Bc4 Bg1
46. Kd5 Kf5 47. Bd3+ Kf4 48. b4 Ke3 49. Kc4 Bh2 50. a4 Bd6 51. Bg6 Be7 52. a5
Bd6 1/2-1/2

[Event "DFMM: NRW I-Niedersachsen"]
[Site "Braunfels"]
[Date "2010.06.04"]
[Round "3.3"]
[White "Markgraf, Claudia"]
[Black "Vovk, Oksana"]
[Result "0-1"]
[WhiteElo "2040"]
[BlackElo "2123"]
[PlyCount "100"]
[EventDate "2010.06.03"]
[WhiteTeam "Niedersachsen"]
[BlackTeam "NRW I"]

1. e4 e6 2. d4 d5 3. e5 c5 4. c3 Nc6 5. Nf3 Qb6 6. a3 c4 7. Be2 f6 8. O-O fxe5
9. Nxe5 Nxe5 10. dxe5 Bc5 11. Kh1 Ne7 12. f4 Bd7 13. Nd2 O-O-O 14. a4 Nf5 15.
b4 Be7 16. a5 Qc7 17. Nf3 Rdf8 18. g4 Nh6 19. Be3 Nxg4 20. Bxa7 Rxf4 21. Bd4
Bb5 22. h3 h5 23. Qd2 Rf5 24. Bb6 Qd7 25. Nd4 Rxf1+ 26. Rxf1 Nxe5 27. Qe3 Bf6
28. Nxb5 Qxb5 29. Bd4 Nd7 30. Qxe6 Qc6 31. Qf7 Bxd4 32. cxd4 Rf8 33. Qxg7 Rxf1+
34. Bxf1 Qf6 35. Qg8+ Kc7 36. Bg2 Qxd4 37. Bxd5 Qd1+ 38. Kh2 Qd2+ 39. Kg3 c3
40. Bb3 Qd3+ 41. Kf4 Qf1+ 42. Ke3 Qe1+ 43. Kf3 Qf1+ 44. Ke3 Qc1+ 45. Kf3 Qh1+
46. Kf2 Qh2+ 47. Ke1 Qd2+ 48. Kf1 Qd3+ 49. Ke1 c2 50. Bxc2 Qxc2 0-1

[Event "DFMM: NRW I-Niedersachsen"]
[Site "Braunfels"]
[Date "2010.06.04"]
[Round "3.4"]
[White "Freitag, Julia"]
[Black "Kickert, Germaine Helene"]
[Result "1/2-1/2"]
[WhiteElo "2202"]
[BlackElo "1973"]
[PlyCount "101"]
[EventDate "2010.06.03"]
[WhiteTeam "NRW I"]
[BlackTeam "Niedersachsen"]

1. d4 Nf6 2. e3 g6 3. f4 Bg7 4. Nf3 O-O 5. c3 d6 6. Bc4 d5 7. Bd3 b6 8. Nbd2
Bb7 9. Ne5 c5 10. Qf3 Nc6 11. g4 Ne8 12. h4 Nxe5 13. fxe5 f6 14. e6 Nd6 15. g5
f5 16. h5 Qc8 17. hxg6 hxg6 18. Qh3 Qxe6 19. Qh7+ Kf7 20. Nf3 Rh8 21. Ne5+ Qxe5
22. dxe5 Rxh7 23. Rxh7 Ne4 24. Bxe4 dxe4 25. Bd2 Ba6 26. e6+ Kg8 27. Rh4 Bc4
28. b3 Bxe6 29. O-O-O a5 30. Kb2 b5 31. Rhh1 a4 32. bxa4 b4 33. Ra1 Rxa4 34. a3
Bd5 35. axb4 Rxa1 36. Rxa1 cxb4 37. Ra5 bxc3+ 38. Bxc3 Bc4 39. Bxg7 Kxg7 40.
Kc3 Bd3 41. Kd4 Kf7 42. Ke5 Bc4 43. Rc5 Bb3 44. Rc6 Ba4 45. Rc8 Bb3 46. Rb8 Bc2
47. Rb7 Bd3 48. Rc7 Bb1 49. Rc6 Ba2 50. Kd4 Bb3 51. Ke5 1/2-1/2

[Event "DFMM: NRW I-Niedersachsen"]
[Site "Braunfels"]
[Date "2010.06.04"]
[Round "3.5"]
[White "Günnigmann, Laura"]
[Black "Nattermüller, Irina"]
[Result "0-1"]
[WhiteElo "1881"]
[BlackElo "2100"]
[PlyCount "64"]
[EventDate "2010.06.03"]
[WhiteTeam "Niedersachsen"]
[BlackTeam "NRW I"]

1. e4 c5 2. Nf3 e6 3. d4 cxd4 4. Nxd4 Nf6 5. Nc3 d6 6. Bc4 Be7 7. Bb3 O-O 8.
Be3 Na6 9. Qe2 Nc5 10. O-O-O Ncxe4 11. Nxe4 Nxe4 12. g4 a6 13. f4 Nc5 14. f5
Nxb3+ 15. axb3 e5 16. Nf3 b5 17. Nxe5 Bb7 18. Rhe1 Bh4 19. Rf1 Re8 20. Nf3 Bf6
21. Qd3 a5 22. Bf4 a4 23. b4 a3 24. bxa3 Ra6 25. g5 Qa8 26. gxf6 Rxa3 27. Qd4
Bxf3 28. Rd3 Ra1+ 29. Kb2 Qa2+ 30. Kc3 Rc8+ 31. Kd2 Qxc2+ 32. Ke3 Qe2# 0-1

[Event "DFMM: NRW I-Niedersachsen"]
[Site "Braunfels"]
[Date "2010.06.04"]
[Round "3.6"]
[White "Lopatin, Olga"]
[Black "Rethmann, Kristin"]
[Result "1/2-1/2"]
[WhiteElo "2136"]
[BlackElo "1782"]
[PlyCount "41"]
[EventDate "2010.06.03"]
[WhiteTeam "NRW I"]
[BlackTeam "Niedersachsen"]

1. d4 d5 2. Bf4 e6 3. Nf3 f5 4. Nc3 Nf6 5. Ne5 Nbd7 6. e3 Be7 7. h3 O-O 8. g4
Ne4 9. Nxe4 fxe4 10. Qd2 Bd6 11. h4 Bxe5 12. dxe5 c5 13. O-O-O b6 14. c4 Bb7
15. Rh2 Qe8 16. Be2 Rd8 17. Kb1 Nb8 18. Bg5 Rd7 19. Qc3 Nc6 20. cxd5 exd5 21.
Bb5 1/2-1/2

[Event "DFMM: NRW I-Niedersachsen"]
[Site "Braunfels"]
[Date "2010.06.04"]
[Round "3.8"]
[White "Vogel, Heike"]
[Black "Saal, Hilkka"]
[Result "1-0"]
[WhiteElo "2095"]
[BlackElo "1695"]
[PlyCount "49"]
[EventDate "2010.06.03"]
[WhiteTeam "NRW I"]
[BlackTeam "Niedersachsen"]

1. d4 Nf6 2. Nf3 g6 3. Nc3 Bg7 4. e4 d6 5. Bc4 O-O 6. Qe2 e5 7. dxe5 dxe5 8.
Nxe5 Qe7 9. f4 Nh5 10. Nd5 Qd8 11. Be3 c6 12. Nc3 b6 13. O-O Qe7 14. Nxf7 Rxf7
15. f5 Kh8 16. Bxf7 Qxf7 17. Rad1 Bf6 18. fxg6 Qxg6 19. Qc4 Nd7 20. Qxc6 Rb8
21. Rxd7 Bxd7 22. Qxd7 Rg8 23. Rf2 Rg7 24. Qf5 Qe8 25. Nd5 1-0

[Event "DFMM: Hessen-NRW II"]
[Site "Braunfels"]
[Date "2010.06.04"]
[Round "3.1"]
[White "Zhang, Fan"]
[Black "Toth, Lili"]
[Result "1/2-1/2"]
[WhiteElo "2057"]
[BlackElo "2198"]
[PlyCount "55"]
[EventDate "2010.06.03"]
[WhiteTeam "NRW II"]
[BlackTeam "Hessen"]

1. d4 Nf6 2. c4 e6 3. Nc3 Bb4 4. Qc2 Nc6 5. Nf3 O-O 6. Bd2 d6 7. a3 Bxc3 8.
Bxc3 Qe7 9. e3 a5 10. b3 e5 11. d5 Nb8 12. Be2 Bg4 13. O-O Bh5 14. Rfc1 Bg6 15.
Qd1 Ne4 16. Be1 Nd7 17. b4 f5 18. Nd2 axb4 19. Nxe4 fxe4 20. axb4 b6 21. Rxa8
Rxa8 22. Ra1 Qd8 23. Bg4 Nf6 24. Be6+ Bf7 25. Bxf7+ Kxf7 26. b5 Rxa1 27. Qxa1
Nd7 28. Bb4 1/2-1/2

[Event "DFMM: Hessen-NRW II"]
[Site "Braunfels"]
[Date "2010.06.04"]
[Round "3.2"]
[White "Rieseler, Caroline"]
[Black "Roitburd, Marina"]
[Result "1-0"]
[WhiteElo "2062"]
[BlackElo "1969"]
[PlyCount "103"]
[EventDate "2010.06.03"]
[WhiteTeam "Hessen"]
[BlackTeam "NRW II"]

1. e4 c5 2. Nf3 e6 3. d4 cxd4 4. Nxd4 a6 5. Nc3 Qc7 6. Bd3 Nf6 7. O-O b5 8. Re1
h5 9. h3 Bc5 10. Nb3 b4 11. Nxc5 bxc3 12. Na4 cxb2 13. Bxb2 Bb7 14. c4 d6 15.
f4 Nc6 16. Rb1 Ne7 17. e5 dxe5 18. Bxe5 Qc6 19. Qc2 Rc8 20. Rb6 Qd7 21. Rd6 Qc7
22. Rxa6 Qd8 23. Ra7 Ba8 24. Rd1 Nc6 25. Be4 Nxa7 26. Rxd8+ Rxd8 27. Bxa8 Rxa8
28. Nb6 Rd8 29. Qa4+ Kf8 30. Qxa7 Ne4 31. h4 Rh6 32. Qa3+ Kg8 33. Qf3 Nd2 34.
Qe2 Rg6 35. c5 Rg3 36. Bd6 Nf3+ 37. Kf2 Nd4 38. Qd2 Nf5 39. a4 Ra3 40. Qb2 Rd3
41. Qe2 Rd4 42. Qb2 Rd1 43. Nc4 Rc8 44. Qb3 Rc1 45. a5 Nd4 46. Qd3 Nc6 47. Nb6
Rd8 48. Qb5 Nd4 49. Qa4 Nf5 50. a6 Nxd6 51. cxd6 Rxd6 52. a7 1-0

[Event "DFMM: Hessen-NRW II"]
[Site "Braunfels"]
[Date "2010.06.04"]
[Round "3.3"]
[White "Hund, Isabel"]
[Black "Heymann-Lobzhanidze, Anna-Luise"]
[Result "1/2-1/2"]
[WhiteElo "2072"]
[BlackElo "2085"]
[PlyCount "25"]
[EventDate "2010.06.03"]
[WhiteTeam "NRW II"]
[BlackTeam "Hessen"]

1. e4 e5 2. Nf3 Nc6 3. Bc4 Nf6 4. d3 Bc5 5. Nbd2 d6 6. c3 O-O 7. Bb3 Bg4 8. h3
Be6 9. Bc2 h6 10. O-O d5 11. Re1 dxe4 12. dxe4 Qd7 13. Qe2 1/2-1/2

[Event "DFMM: Hessen-NRW II"]
[Site "Braunfels"]
[Date "2010.06.04"]
[Round "3.4"]
[White "Ries, Jutta"]
[Black "Sokalska, Viktorija"]
[Result "1/2-1/2"]
[WhiteElo "1955"]
[BlackElo "2026"]
[PlyCount "108"]
[EventDate "2010.06.03"]
[WhiteTeam "Hessen"]
[BlackTeam "NRW II"]

1. f4 d5 2. Nf3 Nf6 3. b3 c5 4. Bb2 Nc6 5. e3 Bf5 6. Bb5 Qb6 7. Bxc6+ Qxc6 8.
Ne5 Qa6 9. d3 Bg6 10. g4 e6 11. h4 h5 12. g5 Nd7 13. Nxg6 fxg6 14. Qf3 O-O-O
15. Nd2 Rg8 16. c4 Bd6 17. O-O Rdf8 18. cxd5 e5 19. Nc4 exf4 20. Nxd6+ Qxd6 21.
e4 Ne5 22. Bxe5 Qxe5 23. Rac1 b6 24. Rc2 Rf7 25. a3 Kb8 26. Rcf2 Qc3 27. Qd1
Qd4 28. Kg2 Rgf8 29. Rf3 Qb2+ 30. R1f2 Qxa3 31. d6 Qb4 32. Qd2 Qxb3 33. Rxf4
Qe6 34. Rxf7 Rxf7 35. Rxf7 Qxf7 36. Qe3 Qa2+ 37. Kg3 Qe6 38. Qf4 Qg4+ 39. Qxg4
hxg4 40. e5 Kc8 41. e6 a5 42. Kxg4 a4 43. h5 gxh5+ 44. Kxh5 a3 45. Kg6 a2 46.
e7 Kd7 47. Kf7 a1=Q 48. e8=Q+ Kxd6 49. Qf8+ Kc6 50. Qxg7 Qa2+ 51. Kf8 Qa8+ 52.
Kf7 Qa2+ 53. Kf8 Qa8+ 54. Kf7 Qa2+ 1/2-1/2

[Event "DFMM: Hessen-NRW II"]
[Site "Braunfels"]
[Date "2010.06.04"]
[Round "3.5"]
[White "Karmann, Anna"]
[Black "Moutaqi, Sandra"]
[Result "1/2-1/2"]
[WhiteElo "1924"]
[BlackElo "2091"]
[PlyCount "75"]
[EventDate "2010.06.03"]
[WhiteTeam "NRW II"]
[BlackTeam "Hessen"]

1. c4 e5 2. g3 Nf6 3. Bg2 Nc6 4. Nc3 Be7 5. e3 d6 6. Nge2 O-O 7. O-O Be6 8. Nd5
Bf5 9. d3 Qd7 10. Nec3 Rae8 11. Rb1 Nxd5 12. Nxd5 Bd8 13. b4 e4 14. d4 Ne7 15.
Nxe7+ Bxe7 16. d5 Bf6 17. Bb2 Bxb2 18. Rxb2 Bh3 19. Qd4 Bxg2 20. Kxg2 b6 21. f4
exf3+ 22. Rxf3 Re5 23. Rbf2 f6 24. c5 Rfe8 25. cxb6 cxb6 26. Rc2 Rc8 27. Rff2
Ree8 28. Qd3 Rxc2 29. Rxc2 Rc8 30. Rc4 g6 31. Qc3 Rxc4 32. Qxc4 Kf7 33. Qc6 Qg4
34. Qc7+ Kg8 35. Qd8+ Kf7 36. Qc7+ Kg8 37. Qd8+ Kf7 38. Qc7+ 1/2-1/2

[Event "DFMM: Hessen-NRW II"]
[Site "Braunfels"]
[Date "2010.06.04"]
[Round "3.6"]
[White "Zahn, Nicol"]
[Black "Mass, Elvira"]
[Result "1/2-1/2"]
[WhiteElo "1960"]
[BlackElo "1981"]
[PlyCount "88"]
[EventDate "2010.06.03"]
[WhiteTeam "Hessen"]
[BlackTeam "NRW II"]

1. e4 e6 2. d3 d5 3. Nd2 Nf6 4. Ngf3 c5 5. g3 Nc6 6. Bg2 Be7 7. O-O O-O 8. Re1
b5 9. c3 a5 10. e5 Nd7 11. Nf1 Ba6 12. h4 b4 13. Bf4 bxc3 14. bxc3 Rb8 15. Qd2
Qc7 16. Rab1 Rb7 17. Rxb7 Qxb7 18. N1h2 Rb8 19. Bf1 Qb2 20. Re2 Qxd2 21. Rxd2
Nb6 22. Rb2 Na4 23. Rxb8+ Nxb8 24. Bd2 Nc6 25. Ng4 Nb2 26. d4 Bxf1 27. Kxf1 c4
28. Ne1 Na7 29. Nc2 Nb5 30. Nge3 f6 31. f4 h5 32. Ke2 Kf7 33. Nd1 Nxd1 34. Kxd1
Na3 35. Ne3 Kg6 36. Ke2 Nb5 37. Kf3 Ba3 38. Nd1 Kf7 39. Ke2 Be7 40. Kf3 f5 41.
Ke2 Ke8 42. Bc1 Kd7 43. Kd2 Kc6 44. Kc2 Na7 1/2-1/2

[Event "DFMM: Hessen-NRW II"]
[Site "Braunfels"]
[Date "2010.06.04"]
[Round "3.7"]
[White "Lennartz, Christina"]
[Black "Fröhlich-Dill, Astrid"]
[Result "0-1"]
[WhiteElo "1844"]
[BlackElo "1910"]
[PlyCount "70"]
[EventDate "2010.06.03"]
[WhiteTeam "NRW II"]
[BlackTeam "Hessen"]

1. d4 Nf6 2. g3 e6 3. Bg2 c5 4. Nf3 cxd4 5. Nxd4 d5 6. O-O Be7 7. c4 O-O 8.
cxd5 Nxd5 9. e4 Nb4 10. a3 N4c6 11. Nxc6 Nxc6 12. Qh5 Qb6 13. Nd2 g6 14. Qe2 e5
15. b4 Nd4 16. Qd3 Bd7 17. a4 Bxb4 18. Nc4 Qe6 19. Rb1 Bc5 20. Rxb7 Bc6 21. Rb2
Rfd8 22. Nd2 Bxa4 23. Nf3 a6 24. Qc3 Rac8 25. Ng5 Qe7 26. Qa5 Bb5 27. Kh1 Bxf1
28. Bxf1 Ne6 29. Nxe6 Qxe6 30. Qa4 Bd4 31. Rb1 Bxf2 32. Ba3 Rd4 33. Qa5 Qc6 34.
Bg2 Qc2 35. Rc1 Rd1+ 0-1

[Event "DFMM: Hessen-NRW II"]
[Site "Braunfels"]
[Date "2010.06.04"]
[Round "3.8"]
[White "Storkebaum, Ulrike"]
[Black "Roitburd, Swetlana"]
[Result "0-1"]
[WhiteElo "1867"]
[BlackElo "1634"]
[PlyCount "90"]
[EventDate "2010.06.03"]
[WhiteTeam "Hessen"]
[BlackTeam "NRW II"]

1. e4 c6 2. d4 d5 3. Nc3 dxe4 4. Nxe4 Bf5 5. Ng3 Bg6 6. h4 h6 7. Nf3 Nd7 8. h5
Bh7 9. Bd3 Bxd3 10. Qxd3 Ngf6 11. c4 e6 12. Qe2 Be7 13. Bd2 O-O 14. O-O-O Rc8
15. Kb1 Re8 16. Ne5 a5 17. f4 a4 18. Bc3 a3 19. b3 b5 20. Ne4 bxc4 21. Nxc4
Nxe4 22. Qxe4 Nf6 23. Qf3 Qd5 24. Qe2 Qf5+ 25. Qc2 Qxf4 26. Rdf1 Qb8 27. Ne5 c5
28. dxc5 Rxc5 29. Nxf7 Qg3 30. Nxh6+ gxh6 31. Rf3 Qg5 32. Rhh3 Nxh5 33. Qe4 Bf6
34. Rxf6 Nxf6 35. Qd4 Qf5+ 36. Rd3 Rec8 37. g4 Qf1+ 38. Rd1 Qxd1+ 39. Qxd1 Rxc3
40. Qe1 Rc1+ 41. Qxc1 Rxc1+ 42. Kxc1 Nxg4 43. Kc2 h5 44. b4 Ne5 45. b5 h4 0-1

[Event "DFMM: Baden-Saarland"]
[Site "Braunfels"]
[Date "2010.06.04"]
[Round "3.2"]
[White "Frey, Alisa"]
[Black "Noll, Sonja"]
[Result "1-0"]
[WhiteElo "2049"]
[BlackElo "1886"]
[PlyCount "53"]
[EventDate "2010.06.03"]
[WhiteTeam "Baden"]
[BlackTeam "Saarland"]

1. e4 Nf6 2. e5 Nd5 3. d4 d6 4. Nf3 Bg4 5. Be2 e6 6. O-O Nd7 7. c4 N5b6 8. exd6
c5 9. dxc5 Nxc5 10. Qd4 Bxf3 11. Bxf3 Qxd6 12. Qxd6 Bxd6 13. Na3 Nca4 14. Bxb7
Rb8 15. Bc6+ Ke7 16. b3 Be5 17. Rb1 Nc3 18. Rb2 Rhd8 19. Rc2 Rd6 20. Bf3 Rbd8
21. c5 Rd3 22. cxb6 axb6 23. Nc4 Bd4 24. Be3 Bxe3 25. Nxe3 e5 26. Rfc1 Nb5 27.
Be2 1-0

[Event "DFMM: Baden-Saarland"]
[Site "Braunfels"]
[Date "2010.06.04"]
[Round "3.3"]
[White "Thewes, Marion"]
[Black "Vidonyak, Nellya"]
[Result "0-1"]
[WhiteElo "1544"]
[BlackElo "2175"]
[PlyCount "77"]
[EventDate "2010.06.03"]
[WhiteTeam "Saarland"]
[BlackTeam "Baden"]

1. e4 c5 2. c3 d5 3. exd5 Qxd5 4. d4 Nc6 5. Nf3 cxd4 6. cxd4 e6 7. Nc3 Qd8 8.
Bb5 a6 9. Bxc6+ bxc6 10. Ne5 Bb7 11. O-O Nf6 12. Bg5 Be7 13. Bxf6 gxf6 14. Ng4
Rg8 15. Ne3 f5 16. f4 Bf6 17. Ne2 Qd7 18. Qb3 Rd8 19. Rad1 Ba8 20. Rd3 Qa7 21.
Rfd1 Rb8 22. Qc2 Be7 23. Kf1 Kf8 24. Nc4 c5 25. Ng3 Rg4 26. Qc1 Qb7 27. d5 Rd8
28. Rb3 Qc7 29. d6 Bxd6 30. Rbd3 Bd5 31. Ne5 Bxe5 32. fxe5 Bc4 33. Qxc4 Rxc4
34. Rxd8+ Ke7 35. R8d6 Rd4 36. R6xd4 cxd4 37. Rxd4 Qc1+ 38. Ke2 Qxb2+ 39. Rd2
0-1

[Event "DFMM: Baden-Saarland"]
[Site "Braunfels"]
[Date "2010.06.04"]
[Round "3.4"]
[White "Rubina, Tatiana"]
[Black "Weinmann, Helene"]
[Result "1-0"]
[WhiteElo "1980"]
[BlackElo "1435"]
[PlyCount "121"]
[EventDate "2010.06.03"]
[WhiteTeam "Baden"]
[BlackTeam "Saarland"]

1. e4 e5 2. Nf3 Nc6 3. Bc4 Bc5 4. c3 Nf6 5. d3 O-O 6. Bb3 d6 7. O-O Be6 8. Nbd2
a6 9. h3 Bxb3 10. axb3 d5 11. Re1 Re8 12. b4 Bb6 13. Qb3 Qd7 14. Nf1 dxe4 15.
dxe4 Qe6 16. Qc2 h6 17. Be3 Rac8 18. Rad1 Qc4 19. Bxb6 cxb6 20. Qe2 Qxe2 21.
Rxe2 Rcd8 22. Rxd8 Rxd8 23. N3d2 Ne8 24. Ne3 Nc7 25. Nf5 Kh7 26. Nc4 g6 27.
Nfe3 b5 28. Nd2 Kg7 29. f3 f6 30. Nb3 b6 31. Kf2 Kf7 32. Re1 h5 33. Ra1 Ne7 34.
h4 Ke6 35. g4 Rh8 36. Rh1 Nc8 37. Nd2 Nd6 38. b3 a5 39. bxa5 bxa5 40. c4 b4 41.
Nd5 Na6 42. Ra1 Nb7 43. gxh5 Rxh5 44. Rg1 Kf7 45. Kg3 Nac5 46. Rf1 Rh8 47. f4
exf4+ 48. Rxf4 Re8 49. Rxf6+ Kg7 50. Rc6 Re6 51. Rc7+ Kh6 52. Kf3 Re8 53. Nf4
Rf8 54. Ke3 Rf6 55. Nd3 Nxd3 56. Kxd3 Nd8 57. e5 Rf4 58. c5 Rxh4 59. Rc8 Nf7
60. e6 Ne5+ 61. Kc2 1-0

[Event "DFMM: Baden-Saarland"]
[Site "Braunfels"]
[Date "2010.06.04"]
[Round "3.6"]
[White "Kohm, Vanessa"]
[Black "Alt, Barbara"]
[Result "1-0"]
[WhiteElo "1768"]
[BlackElo "1182"]
[PlyCount "95"]
[EventDate "2010.06.03"]
[WhiteTeam "Baden"]
[BlackTeam "Saarland"]

1. d4 Nf6 2. c4 g6 3. Nc3 d5 4. Nf3 Bg7 5. e3 O-O 6. Bd2 Bg4 7. Qb3 e6 8. Qxb7
Nbd7 9. cxd5 exd5 10. Nxd5 Rb8 11. Nxf6+ Nxf6 12. Qxa7 Rxb2 13. Bd3 Re8 14. Bc3
Rb8 15. Qa4 Nd5 16. Qc2 Nxe3 17. fxe3 Rxe3+ 18. Kf2 Rxf3+ 19. gxf3 Bxd4+ 20.
Kg2 Bxf3+ 21. Kxf3 Qd5+ 22. Be4 Qh5+ 23. Kg2 Qg4+ 24. Kf1 Qf4+ 25. Ke1 Qe3+ 26.
Kd1 Bxc3 27. Qd3 Qxd3+ 28. Bxd3 Bxa1 29. Bc2 Be5 30. h3 h6 31. Re1 Rd8+ 32. Kc1
Bf4+ 33. Kb2 Kf8 34. a4 c5 35. Rf1 g5 36. Bb3 Rd2+ 37. Kc3 Rd4 38. Rf2 Ke7 39.
a5 f6 40. a6 Bb8 41. Bc4 Rh4 42. Re2+ Kf8 43. Bb5 Rxh3+ 44. Kc2 Ba7 45. Re8+
Kf7 46. Ra8 Rh2+ 47. Kd1 Rb2 48. Rxa7+ 1-0

[Event "DFMM: Baden-Saarland"]
[Site "Braunfels"]
[Date "2010.06.04"]
[Round "3.8"]
[White "Braun, Viktoria"]
[Black "Tinnes, Marie-Christine"]
[Result "1-0"]
[WhiteElo "1588"]
[BlackElo "1108"]
[PlyCount "37"]
[EventDate "2010.06.03"]
[WhiteTeam "Baden"]
[BlackTeam "Saarland"]

1. e4 c6 2. d4 d5 3. exd5 cxd5 4. Nf3 Bf5 5. Bf4 Nd7 6. Bd3 Bxd3 7. Qxd3 h6 8.
O-O e6 9. Re1 g5 10. Bg3 Ne7 11. Ne5 Bg7 12. Qb5 Qb6 13. Qxd7+ Kf8 14. Nc3 Qxb2
15. Nb5 Qxc2 16. Nd6 Bxe5 17. Bxe5 Rh7 18. Qxb7 Rd8 19. Bf6 1-0

[Event "DFMM: Berlin-Bayern"]
[Site "Braunfels"]
[Date "2010.06.04"]
[Round "3.1"]
[White "Jussupow, Nadia"]
[Black "Wagner-Michel, Annett"]
[Result "1/2-1/2"]
[WhiteElo "2148"]
[BlackElo "2122"]
[PlyCount "75"]
[EventDate "2010.06.03"]
[WhiteTeam "Bayern"]
[BlackTeam "Berlin"]

1. d4 d5 2. Nf3 Nf6 3. e3 e6 4. Bd3 c5 5. b3 Nc6 6. Bb2 Nb4 7. Be2 cxd4 8. exd4
Qc7 9. c3 Nc6 10. O-O Bd6 11. c4 Ne4 12. Nc3 Nxc3 13. Bxc3 O-O 14. c5 Be7 15.
b4 Bf6 16. Rc1 a6 17. a4 Bd7 18. Re1 Rfd8 19. Qd2 b6 20. b5 axb5 21. axb5 Na5
22. Bxa5 Rxa5 23. c6 Be8 24. Qb2 Rda8 25. Ra1 Bd8 26. Rxa5 Rxa5 27. Ra1 Qa7 28.
Rxa5 Qxa5 29. Ne5 Bc7 30. Nd3 Bd6 31. g3 Kf8 32. Qc1 Bc7 33. Qb2 Bd6 34. Qc2
Bc7 35. Qb2 Bd6 36. Kg2 h6 37. Qc2 Bc7 38. Ne5 1/2-1/2

[Event "DFMM: Berlin-Bayern"]
[Site "Braunfels"]
[Date "2010.06.04"]
[Round "3.2"]
[White "Von Herman, Brigitte"]
[Black "Ankerst, Milka"]
[Result "1-0"]
[WhiteElo "2108"]
[BlackElo "2134"]
[PlyCount "105"]
[EventDate "2010.06.03"]
[WhiteTeam "Berlin"]
[BlackTeam "Bayern"]

1. e4 c5 2. c3 d5 3. exd5 Qxd5 4. d4 Nf6 5. Nf3 cxd4 6. cxd4 e6 7. Nc3 Qd8 8.
Bd3 Nc6 9. O-O Be7 10. Re1 O-O 11. a3 b6 12. Bg5 Bb7 13. Qd2 Re8 14. Rad1 Qc7
15. Bb1 Rad8 16. Qc2 g6 17. Ba2 Nb8 18. Qd3 Nd5 19. Nb5 Nf4 20. Nxc7 Nxd3 21.
Rxd3 Bxg5 22. Nxg5 Re7 23. Nb5 Bd5 24. Nc3 Bxa2 25. Nxa2 Red7 26. Nf3 Nc6 27.
h3 Ne7 28. Nc3 Nd5 29. Nxd5 Rxd5 30. Rc3 h5 31. Rc7 a5 32. Rec1 Rb5 33. Rc8
Rxc8 34. Rxc8+ Kg7 35. Rc2 g5 36. Kf1 f6 37. Ke2 Kg6 38. Nd2 Rd5 39. Rc6 b5 40.
Rc5 Rxd4 41. Rxb5 g4 42. hxg4 Rxg4 43. Kf1 Rd4 44. Nb3 Rd1+ 45. Ke2 Rg1 46. Kf3
e5 47. g3 Re1 48. Nxa5 f5 49. Nc4 Kf6 50. a4 Re4 51. b3 h4 52. gxh4 Rf4+ 53.
Ke2 1-0

[Event "DFMM: Berlin-Bayern"]
[Site "Braunfels"]
[Date "2010.06.04"]
[Round "3.3"]
[White "Stangl, Anita"]
[Black "Silz, Elisa"]
[Result "1-0"]
[WhiteElo "2146"]
[BlackElo "1914"]
[PlyCount "57"]
[EventDate "2010.06.03"]
[WhiteTeam "Bayern"]
[BlackTeam "Berlin"]

1. e4 c5 2. Nf3 d6 3. d4 cxd4 4. Nxd4 Nf6 5. Nc3 a6 6. Bc4 e6 7. a3 Nbd7 8. O-O
b5 9. Ba2 Bb7 10. f3 Rc8 11. Kh1 Ne5 12. Nde2 Qb6 13. Qe1 Be7 14. Qg3 Ng6 15.
Qh3 h5 16. Bd2 h4 17. Rad1 Rc7 18. Bc1 e5 19. f4 Bxe4 20. Nxe4 Nxe4 21. Be3 Qb8
22. fxe5 Nxe5 23. Bd4 f6 24. Qf5 Ng5 25. Bxe5 dxe5 26. Qg6+ Kf8 27. Qxg5 Qe8
28. Qxe5 Rxc2 29. Nd4 1-0